[Event "Steyr Landesliga 1617"]
[Site "Austria"]
[Date "2016.11.05"]
[Round "4.7"]
[White "Bloder, Felix"]
[Black "Toelly, Michael"]
[Result "0-1"]
[WhiteElo "1976"]
[BlackElo "2064"]
[PlyCount "60"]
[EventDate "2016.10.01"]
[EventType "team-tourn"]
[EventRounds "11"]
[EventCountry "AUT"]
[SourceTitle "EXT 2018"]
[Source "ChessBase"]
[SourceDate "2017.10.13"]
[SourceVersion "1"]
[SourceVersionDate "2017.10.13"]
[SourceQuality "1"]
[WhiteTeam "Gleisdorf"]
[BlackTeam "Fuerstenfeld/Hartberg"]
[WhiteTeamCountry "AUT"]
[BlackTeamCountry "AUT"]

1. e4 e5 2. Nf3 Nc6 3. Nc3 Nf6 4. d4 exd4 5. Nxd4 Bc5 6. Nxc6 bxc6 7. Bg5 0-0 8. Bd3 Re8 9. 0-0 h6 10. Bh4 a6 11. Re1 d6 12. Qf3 Bd4 13. Nd1 g5 14. c3 Bg4 15. Qg3 Be5 16. Qe3 Bf4 17. Qd4 gxh4 18. Ne3 Be5 19. Qa4 Qd7 20. Nf5 Bxf5 21. exf5 Nd5 22. Qxh4 Bg7 23. Rf1 c5 24. f4 Re3 25. Rad1 Qe7 26. Qf2 Nf6 27. h3 d5 28. g4 Rxh3 29. g5 Ng4 30. Qg2 Qe3+ 0-1

[Event "Steyr Landesliga 1314"]
[Site "Austria"]
[Date "2014.01.25"]
[Round "6.7"]
[White "Ortner, Ronald"]
[Black "Bloder, Felix"]
[Result "1-0"]
[WhiteElo "1861"]
[BlackElo "1743"]
[PlyCount "93"]
[EventDate "2013.09.28"]
[EventType "team-tourn"]
[EventRounds "11"]
[EventCountry "AUT"]
[SourceTitle "EXT 2015"]
[Source "ChessBase"]
[SourceDate "2014.11.20"]
[SourceVersion "1"]
[SourceVersionDate "2014.11.20"]
[SourceQuality "1"]
[WhiteTeam "Kapfenberg/Norske/Bruck"]
[BlackTeam "Gleisdorf"]
[WhiteTeamCountry "AUT"]
[BlackTeamCountry "AUT"]

1. c4 Nf6 2. g3 c6 3. Bg2 d5 4. cxd5 cxd5 5. Nf3 e6 6. 0-0 Be7 7. d4 0-0 8. Nc3 Nc6 9. Bf4 a6 10. Rc1 Bd7 11. Ne5 Rc8 12. Nxd7 Qxd7 13. Na4 Qd8 14. Bg5 h6 15. Bxf6 Bxf6 16. e3 Be7 17. a3 f5 18. Nc5 Bxc5 19. Rxc5 Na5 20. b4 Nc4 21. Rxc8 Qxc8 22. Qa1 Qc6 23. Rc1 Qa4 24. Rc3 Ra8 25. Bf1 b5 26. Bd3 a5 27. Bc2 axb4 28. Bxa4 bxc3 29. Bxb5 Rxa3 30. Qc1 Nb2 31. Be2 Kf7 32. Kg2 Ke7 33. g4 Kd6 34. gxf5 exf5 35. Bh5 Kc6 36. Bg6 Kb5 37. Bxf5 Kb4 38. Kg3 Nc4 39. Bc2 Ra2 40. Bd3 Na3 41. Qh1 Rd2 42. Bf5 Kc4 43. Qf1+ Kb3 44. Qa6 Nc2 45. Bd7 Kb2 46. Qb5+ Ka1 47. Qb3 1-0

[Event "Leitersdorf Region-ch"]
[Site "Leitersdorf"]
[Date "2013.01.05"]
[Round "4"]
[White "Bloder, Felix"]
[Black "Schweiger, Martin"]
[Result "1-0"]
[WhiteElo "1717"]
[BlackElo "1593"]
[PlyCount "57"]
[EventDate "2013.01.02"]
[EventType "swiss"]
[EventRounds "5"]
[EventCountry "AUT"]
[SourceTitle "CBM 152 Extra"]
[Source "ChessBase"]
[SourceDate "2013.02.25"]
[SourceVersion "1"]
[SourceVersionDate "2013.02.25"]
[SourceQuality "1"]

1. e4 c5 2. Nf3 Nc6 3. Bb5 g6 4. 0-0 Bg7 5. c3 e6 6. Bxc6 bxc6 7. d4 cxd4 8. cxd4 Ne7 9. Nc3 d5 10. e5 0-0 11. Re1 h6 12. Na4 Bd7 13. Nc5 Qc7 14. Qd3 Rfc8 15. Bf4 Be8 16. b3 Qb6 17. g4 Qb5 18. Qc2 Qb6 19. h4 Qd8 20. Kg2 Rc7 21. Rh1 Kf8 22. h5 gxh5 23. Rxh5 Ng8 24. g5 hxg5 25. Bxg5 Qc8 26. Rh7 f5 27. exf6 Nxf6 28. Bxf6 Bxf6 29. Rxc7 1-0

[Event "Leitersdorf Region-ch"]
[Site "Leitersdorf"]
[Date "2012.01.07"]
[Round "5.1"]
[White "Bloder, Felix"]
[Black "Stallinger, Vanessa"]
[Result "0-1"]
[WhiteElo "1687"]
[BlackElo "1458"]
[PlyCount "100"]
[EventDate "2012.01.03"]
[EventType "swiss"]
[EventRounds "5"]
[EventCountry "AUT"]
[SourceTitle "EXT 2013"]
[Source "ChessBase"]
[SourceDate "2012.11.22"]
[SourceVersion "1"]
[SourceVersionDate "2012.11.22"]
[SourceQuality "1"]

1. e4 e5 2. Bc4 Nf6 3. d3 Nc6 4. Nf3 Bc5 5. Bg5 h6 6. Bh4 d6 7. c3 Bg4 8. Nbd2 Qe7 9. a4 a5 10. 0-0 0-0 11. Qb3 Bb6 12. h3 Be6 13. Nh2 Nb8 14. Rfe1 Nbd7 15. Nhf3 c5 16. Qc2 Qd8 17. Nh2 Qc7 18. b3 Rfe8 19. Re3 Rab8 20. Kh1 Kh8 21. Rf1 Ng8 22. Rg3 Nf8 23. Bb5 Rec8 24. Bc4 Re8 25. Rf3 Ng6 26. Bg3 Nf6 27. Re3 Nh5 28. Qd1 Nf6 29. Ndf3 Rbd8 30. Nh4 Nf8 31. Ng4 Nxg4 32. hxg4 Qc8 33. Nf5 Kh7 34. g5 Bxf5 35. exf5 Qxf5 36. gxh6 d5 37. hxg7 Kxg7 38. Bb5 Re6 39. Bh2 Rh6 40. Kg1 Ng6 41. Rg3 Rdh8 42. f4 Rxh2 43. Kf2 Qxf4+ 44. Rf3 Qh4+ 45. Ke3 c4+ 46. d4 exd4+ 47. cxd4 Qg5+ 48. Ke2 Rxg2+ 49. R1f2 Rxf2+ 50. Rxf2 Qg4+ 0-1

[Event "Gleisdorfer Jugendschach"]
[Site "Gleisdorf"]
[Date "2009.09.18"]
[Round "1.2"]
[White "Kopfauf, David"]
[Black "Bloder, Felix"]
[Result "0-1"]
[WhiteElo "1200"]
[BlackElo "1475"]
[PlyCount "70"]
[EventDate "2009.09.18"]
[EventType "swiss"]
[EventRounds "5"]
[EventCountry "AUT"]
[SourceTitle "EXT 2024"]
[Source "ChessBase"]
[SourceDate "2023.10.10"]
[SourceVersion "1"]
[SourceVersionDate "2023.10.10"]
[SourceQuality "1"]

1. e4 e5 2. Nf3 Nc6 3. Nc3 Nf6 4. Bc4 Bc5 5. 0-0 0-0 6. Na4 Bb6 7. Nxb6 axb6 8. d3 d6 9. Bg5 h6 10. Bh4 Bg4 11. Bxf6 Qxf6 12. Re1 Nd4 13. Re3 Nxf3+ 14. Rxf3 Bxf3 15. Qxf3 Qxf3 16. gxf3 c6 17. Kf1 b5 18. Bb3 c5 19. c3 Rfc8 20. Rc1 c4 21. dxc4 bxc4 22. Bd1 Rxa2 23. b4 cxb3 24. Bxb3 Ra3 25. Bd5 b5 26. c4 Rxf3 27. Ke2 Ra3 28. Kd2 bxc4 29. Bxc4 Kf8 30. Rc3 Rxc3 31. Kxc3 Ke7 32. Kb4 g6 33. Ba6 Rc2 34. f3 Rxh2 35. Kc4 Rf2 0-1

[Event "Steyr-ch U12"]
[Site "Soechau"]
[Date "2007.04.22"]
[Round "9"]
[White "Worm, Paul"]
[Black "Bloder, Felix"]
[Result "1-0"]
[WhiteElo "1324"]
[BlackElo "1318"]
[PlyCount "85"]
[EventDate "2007.04.14"]
[EventType "swiss"]
[EventRounds "9"]
[EventCountry "AUT"]
[SourceTitle "EXT 2010"]
[Source "ChessBase"]
[SourceDate "2010.11.25"]
[SourceVersion "1"]
[SourceVersionDate "2010.11.25"]
[SourceQuality "1"]

1. d4 d5 2. c4 e6 3. e3 Nf6 4. Nf3 Bd6 5. Bd3 Nc6 6. Nc3 a6 7. cxd5 exd5 8. 0-0 0-0 9. b3 Bg4 10. h3 Bh5 11. Be2 Bg6 12. Bd3 Bh5 13. Be2 Nb4 14. a3 Nc6 15. b4 Ne4 16. Bb2 Ng5 17. Nxd5 Bh2+ 18. Kxh2 Qxd5 19. Nxg5 Bxe2 20. Qxe2 Qxg5 21. Kg1 Rad8 22. Qd2 Rd6 23. a4 Rg6 24. g3 Rh6 25. Kh2 Qg4 26. h4 g5 27. f3 Qe6 28. Kg2 gxh4 29. gxh4 Rxh4 30. Rg1 f6 31. Kf2+ Kf7 32. b5 Rh2+ 33. Rg2 Rh3 34. bxc6 Qxc6 35. Ba3 Qxf3+ 36. Kg1 Qh5 37. Qa2+ Ke8 38. Qe6+ Kd8 39. Qe7+ Kc8 40. Qxf8+ Kd7 41. Rg7+ Kc6 42. Qxf6+ Kd5 43. Rg5+ 1-0